Přímé měření kyselého rosného bodu ve spalovacích zařízeních

Podrobná bibliografia
Hlavní autori: Mlnařík, J. (Author), Hruška, J. (Author)
Médium: Článok
Jazyk:Czech
Témy:
On-line prístup:http://www.casopis-koroze.cz/index.php
Zdroj: 1. Koroze a ochrana materiálu 1. Roč. 55, č. 1 (2012), s. 19-24 1. 1804-1213
LEADER 00952nab#a2200361#ar4500
001 000108032
003 SVKKK
005 20120427082150.0
008 120426c2012 xo |||||||||||||||b|cze
FMT
038 |a SVKKK 
040 |a SVKKK  |b slo  |e AACR2 
041 0 |a cze  |b cze 
044 |a xr  |c CZ 
080 |a 662.613.5  |2 1997 
080 |a 536.423.4  |2 1997 
100 1 |a Mlnařík, J.  |4 aut 
245 1 0 |a Přímé měření kyselého rosného bodu ve spalovacích zařízeních  |c J. Mlnařík, J. Hruška 
300 |b Obr., tab. 
504 |a Bibliogr. odkazy 
504 |a Res. čes. 
650 0 4 |a spaľovanie 
650 0 4 |a teplota spalín 
650 0 4 |a rosný bod 
700 1 |a Hruška, J.  |4 aut 
773 0 |t Koroze a ochrana materiálu  |g Roč. 55, č. 1 (2012), s. 19-24  |x 1804-1213 
958 |a NB 
974 |a Ma 
992 |a RBX 
BAS
852 |a SVKKK  |b BIB 
856 4 1 |u http://www.casopis-koroze.cz/index.php 
998 |a HUT